| 000 | 00794nam a22002057a 4500 | ||
|---|---|---|---|
| 005 | 20240626104029.0 | ||
| 008 | 240626b |||||||| |||| 00| 0 eng d | ||
| 020 |
_a9781609181420 _cRs.6146.91 |
||
| 040 | _aLoreto College | ||
| 041 | _aEnglish | ||
| 082 |
_a150.7 _bWER |
||
| 100 | _aWertz,Frederick J. | ||
| 245 |
_aFive ways of doing qualitative research _bPhenomenological psychology, grounded theory, discourse analysis, narrative research, and intuitive inquiry _cFrederick J.Wertz, Kathy Charmaz, Linda M.McMullen, Ruthellen Josselson, Rosemarie Anderson and Emalinda McSpadden |
||
| 260 |
_aNew York _bThe Guilford Press _c2011 |
||
| 300 |
_axiv,434p _b22cm |
||
| 504 | _aIncludes index | ||
| 650 | _aPsychology-Qualitative research | ||
| 850 |
_aLCLIB _bPsychology PG |
||
| 942 | _cBK | ||
| 999 |
_c43800 _d94279 |
||